000 00981nam a2200205Ia 4500
003 Ost
005 20260507075552.0
008 260507s9999||||xx |||||||||||||| ||und||
040 _cfsecg
041 _aara
082 _a310
100 _aمحمد سالم، كمال سلطان
_eمؤلف
245 0 _aمبادئ علم الاحصاء /
_c كمال سلطان محمد سالم
260 _aالاسكندرية:
_bالدار الجامعية,
_c2004
300 _a317 صفحة؛
_bإيضاحات ؛
_c24 سم
504 _aملحق ص.303 مراجع ص.313
520 _aمقدمة عامة حول علم الاحصاء و التطرق الى توصيف البيانات و التوزيعات التكرارية و مقاييس النزعة المركزية و مقاييس التشتت و الانحدار و الارتباط و تحليل التباين و أخيرا تطبيقات على توزيع مربع كاي.
653 _aالاحصاء
942 _cكتاب
999 _c44928
_d44928